000 01063cam a2200229 4500
001 WB3636-24
008 000000n2000 000 0 eng u
035 _a(Sirsi) u108308
245 _aNew best value indicators
260 _c2000
490 _aUrban Environment Today
_v (104) 7 September 2000, 1(1)
520 _aIn a new consultation paper published by the DETR this week, the government has reduced the number of indicators LAs will be required to address. However, the quality of community plans and the management of the public realm are among several new indicators introduced. Copies of Best Value and Audit Commission Performance Indicators for 2001/2002: Consultation are available from DETR Free Literature: 0870 1226 236.
590 _aWB
650 _aBEST VALUE
650 _aCOMMUNITIES
650 _aBEST VALUE AND AUDIT COMMISSION PERFORMANCE INDICATORS FOR 2001/2002: CONSULTATION
650 _aCOUNCILS
650 _aPERFORMANCE INDICATORS
650 _aLOCAL GOVERNMENT ACT 2000
690 _aLOCAL GOVERNMENT
942 _n0
999 _c64660
_d64660